| 000 | 01112cam a2200277 4500 | ||
|---|---|---|---|
| 001 | 1256719 | ||
| 003 | NUST | ||
| 005 | 20210505114954.0 | ||
| 008 | 731026m19539999pk 001 0 eng | ||
| 010 | _a 73174794 | ||
| 038 | _aAtta | ||
| 040 |
_aDLC _cDLC _dDLC |
||
| 043 | _aa-pk--- | ||
| 050 | 0 | 0 | _aLAW |
| 082 | 0 | 0 |
_a348.549/1044 _a345.4910844 _219 |
| 245 | 0 | 4 |
_aThe All-Pakistan legal decisions (PLD) Lahore 1914-1947. _bContaining cases decided by the Privy Council, Federal Court of India, High Courts of Calcutta & Lahore, the Chief Court of Sind and the Court of Judicial Commissioner, Peshawar. _cEditor: Muhammad Ashraf. |
| 260 |
_aLahore, _bAll-Pakistan Legal Decisions, _c[1953- |
||
| 300 |
_av. _c26 cm. |
||
| 500 | _a"Approved by the High Court of Judicature at Lahore, vide letter no. 7461-Genl./11-C, 44 dated 13th November 1949." | ||
| 563 | _apbk | ||
| 650 | 0 |
_aLaw reports, digests, etc. _zPakistan. _955140 |
|
| 700 | 1 |
_aAshraf, Mohammad, _eed. _955141 |
|
| 710 | 1 |
_aGreat Britain. _bPrivy Council. _955142 |
|
| 906 |
_a7 _bcbc _corignew _d3 _encip _f19 _gy-gencatlg |
||
| 942 |
_2ddc _cCR |
||
| 999 |
_c566056 _d566056 |
||